Loading...
| Fine Arts - Classical Music | 0 | 4 | 2 | 1 | 30 | 33 | 75.75 | 0 | 2 |
| Fine Arts - Other Fine Arts | 0 | 3 | 0 | 2 | 30 | 40 | 96.67 | 1 | 1 |
| Literature - American Literature | 0 | 3 | 0 | 1 | 30 | 118 | 124.67 | 0 | 0 |
| Social Science | 0 | 3 | 0 | 1 | 30 | 94 | 102.67 | 0 | 0 |
| Philosophy | 0 | 3 | 1 | 0 | 25 | 83 | 91.67 | 0 | 2 |
| Literature - World/Other Literature | 0 | 3 | 1 | 1 | 25 | 125 | 135.67 | 0 | 0 |
| Science - Other Science | 0 | 2 | 0 | 0 | 20 | 75 | 76.50 | 0 | 1 |
| Literature - European Literature | 0 | 2 | 0 | 0 | 20 | 103 | 115.50 | 0 | 0 |
| Religion | 0 | 2 | 0 | 0 | 20 | 82 | 95.50 | 0 | 0 |
| Literature - British Literature | 0 | 2 | 0 | 0 | 20 | 121 | 122.00 | 0 | 0 |
| Fine Arts - Visual Fine Arts | 0 | 2 | 1 | 0 | 15 | 94 | 102.00 | 0 | 0 |
| History - Other History | 0 | 1 | 0 | 1 | 10 | 113 | 113.00 | 0 | 0 |
| Science - Physics | 0 | 1 | 0 | 0 | 10 | 81 | 81.00 | 0 | 0 |
| Other Academic | 0 | 1 | 0 | 0 | 10 | 92 | 92.00 | 0 | 0 |
| Science - Biology | 0 | 1 | 1 | 0 | 5 | 89 | 89.00 | 0 | 0 |
| Mythology | 0 | 0 | 1 | 0 | -5 | 0.00 | 0 | 0 | |
| Geography/Current Events | 0 | 0 | 1 | 0 | -5 | 0.00 | 0 | 0 |